000 00506nam a2200181Ia 4500
005 20250423101444.0
008 250422s9999 xx 000 0 und d
020 _a9781597842259
050 _aBP 80 .D45 Y83/
100 _aYücel, Salih
245 4 _aThe struggle of İbrahim : biography of an Australian Muslim
260 _aNew Jersey
260 _bTughra Books
260 _c2010
300 _a174 p
650 _aDellal, İbrahim Hussein, 1932- -- Biography Muslims -- Australia
942 _cBK
999 _c36348
_d36348